[Event "Greek Team Championship"]
[Site "chess24.com"]
[Date "2017.07.03"]
[Round "1"]
[White "Seretakis, Nikolas"]
[Black "Papadopoulos, Georgios"]
[Result "0-1"]
[Board "3"]
[WhiteElo "2095"]
[WhiteCountry "GRE"]
[WhiteFideId "4201493"]
[WhiteEloChange "-6"]
[BlackElo "2240"]
[BlackCountry "GRE"]
[BlackFideId "4210271"]
[BlackEloChange "6"]

1. e4 {[%clk 1:30:47]} c5 {[%clk 1:30:55]} 2. Nf3 {[%clk 1:31:07]} d6 {[%clk
1:31:20]} 3. d4 {[%clk 1:31:24]} cxd4 {[%clk 1:31:45]} 4. Nxd4 {[%clk 1:31:46]}
Nf6 {[%clk 1:32:11]} 5. Nc3 {[%clk 1:32:09]} a6 {[%clk 1:32:39]} 6. Bc4 {[%clk
1:31:42]} e6 {[%clk 1:33:01]} 7. Bb3 {[%clk 1:32:01]} Nbd7 {[%clk 1:33:27]} 8.
Bg5 {[%clk 1:31:27]} Nc5 {[%clk 1:33:50]} 9. Qe2 {[%clk 1:27:51]} Be7 {[%clk
1:32:42]} 10. f4 {[%clk 1:25:12]} h6 {[%clk 1:28:00]} 11. Bxf6 {[%clk 1:25:10]}
Bxf6 {[%clk 1:28:17]} 12. O-O-O {[%clk 1:25:14]} Qc7 {[%clk 1:26:49]} 13. Kb1
{[%clk 1:20:41]} Bd7 {[%clk 1:25:35]} 14. f5 {[%clk 1:09:41]} Nxb3 {[%clk
1:22:58]} 15. axb3 {[%clk 1:08:15]} Qc5 {[%clk 1:21:32]} 16. fxe6 {[%clk
1:02:36]} fxe6 {[%clk 1:21:42]} 17. Qd3 {[%clk 0:50:41]} O-O {[%clk 1:01:22]} 18.
Nf3 {[%clk 0:43:53]} Be7 {[%clk 1:00:32]} 19. e5 {[%clk 0:41:53]} d5 {[%clk
0:47:12]} 20. h4 {[%clk 0:40:25]} Rf5 {[%clk 0:42:55]} 21. g4 {[%clk 0:28:00]}
Rf4 {[%clk 0:41:48]} 22. g5 {[%clk 0:25:21]} h5 {[%clk 0:39:13]} 23. Nd4 {[%clk
0:23:21]} Raf8 {[%clk 0:36:38]} 24. Nce2 {[%clk 0:20:39]} Re4 {[%clk 0:23:15]}
25. Ng3 {[%clk 0:13:31]} Rxe5 {[%clk 0:23:13]} 26. Nxh5 {[%clk 0:13:56]} Re4
{[%clk 0:21:21]} 27. Rhe1 {[%clk 0:11:13]} e5 {[%clk 0:18:32]} 28. Ne2 {[%clk
0:02:49]} Bf5 {[%clk 0:05:00]} 29. Qxd5+ {[%clk 0:01:03]} Qxd5 {[%clk 0:05:24]}
30. Rxd5 {[%clk 0:01:29]} Bb4 {[%clk 0:05:38]} 31. Nhg3 {[%clk 0:00:31]} Bxe1
{[%clk 0:05:56]} 32. Nxe4 {[%clk 0:00:56]} Bxe4 {[%clk 0:06:22]} 33. Rxe5 {[%clk
0:01:22]} Bf3 {[%clk 0:06:24]} 34. Nd4 {[%clk 0:00:49]} Bxh4 {[%clk 0:06:17]} 35.
Nxf3 {[%clk 0:00:31]} Rxf3 {[%clk 0:06:40]} 36. g6 {[%clk 0:00:59]} Rf8 {[%clk
0:06:25]} 37. Rc5 {[%clk 0:01:06]} Bg3 {[%clk 0:06:28]} 38. Rd5 {[%clk 0:00:59]}
Rb8 {[%clk 0:06:18]} 39. c4 {[%clk 0:01:20]} Kf8 {[%clk 0:03:27]} 40. Rd7 {[%clk
0:30:38]} Be5 {[%clk 0:33:50]} 41. c5 {[%clk 0:30:56]} Ke8 {[%clk 0:34:09]} 42.
Rf7 {[%clk 0:31:17]} a5 {[%clk 0:34:16]} 43. Kc2 {[%clk 0:29:28]} Rc8 {[%clk
0:34:17]} 44. Rxb7 {[%clk 0:29:13]} Rxc5+ {[%clk 0:34:41]} 45. Kd3 {[%clk
0:29:39]} Bxb2 {[%clk 0:34:56]} 46. Ke4 {[%clk 0:29:40]} Rg5 {[%clk 0:34:46]} 47.
Rb6 {[%clk 0:29:44]} Bf6 {[%clk 0:35:07]} 48. Ra6 {[%clk 0:29:26]} Rxg6 {[%clk
0:34:58]} 49. Rxa5 {[%clk 0:29:51]} Rg4+ {[%clk 0:35:14]} 50. Kf3 {[%clk
0:29:42]} Rb4 {[%clk 0:35:38]} 0-1

[Event "Greek Team Championship"]
[Site "chess24.com"]
[Date "2017.07.03"]
[Round "1"]
[White "Giannakoulopoulos, Spyridon"]
[Black "Vazelakis, Dimitrios"]
[Result "1/2-1/2"]
[Board "4"]
[WhiteElo "1933"]
[WhiteCountry "GRE"]
[WhiteFideId "4207408"]
[WhiteEloChange "-2"]
[BlackElo "1866"]
[BlackCountry "GRE"]
[BlackFideId "4203674"]
[BlackEloChange "2"]

1. Nf3 {[%clk 1:30:54]} d5 {[%clk 1:30:56]} 2. b3 {[%clk 1:31:12]} Bf5 {[%clk
1:31:00]} 3. Bb2 {[%clk 1:30:48]} e6 {[%clk 1:31:16]} 4. e3 {[%clk 1:29:25]} h6
{[%clk 1:30:53]} 5. d4 {[%clk 1:22:46]} Nf6 {[%clk 1:25:44]} 6. Bd3 {[%clk
1:17:47]} Bxd3 {[%clk 1:10:03]} 7. Qxd3 {[%clk 1:14:39]} Nbd7 {[%clk 1:10:20]} 8.
Nbd2 {[%clk 1:11:01]} Be7 {[%clk 1:08:20]} 9. O-O {[%clk 1:05:34]} O-O {[%clk
1:07:58]} 10. e4 {[%clk 0:59:11]} dxe4 {[%clk 1:00:01]} 11. Nxe4 {[%clk 0:59:18]}
c5 {[%clk 0:57:03]} 12. Rad1 {[%clk 0:51:29]} Qc7 {[%clk 0:54:58]} 13. c4 {[%clk
0:41:07]} Rad8 {[%clk 0:49:09]} 14. Qe2 {[%clk 0:31:55]} Nxe4 {[%clk 0:35:17]}
15. Qxe4 {[%clk 0:31:49]} Bf6 {[%clk 0:34:44]} 16. Rd2 {[%clk 0:22:03]} cxd4
{[%clk 0:33:37]} 17. Nxd4 {[%clk 0:21:03]} Nc5 {[%clk 0:31:42]} 18. Qe3 {[%clk
0:19:46]} a6 {[%clk 0:30:49]} 19. g3 {[%clk 0:10:30]} e5 {[%clk 0:24:45]} 20. Nf3
{[%clk 0:09:14]} Rxd2 {[%clk 0:23:14]} 21. Qxd2 {[%clk 0:07:46]} Ne6 {[%clk
0:11:49]} 22. Rd1 {[%clk 0:05:23]} Nd4 {[%clk 0:02:07]} 23. Bxd4 {[%clk 0:05:33]}
exd4 {[%clk 0:02:30]} 24. Ne1 {[%clk 0:03:59]} b5 {[%clk 0:02:30]} 25. cxb5
{[%clk 0:03:11]} axb5 {[%clk 0:02:59]} 26. Nd3 {[%clk 0:03:00]} 1/2-1/2

[Event "Greek Team Championship"]
[Site "chess24.com"]
[Date "2017.07.03"]
[Round "1"]
[White "Seretaki, Konstantina"]
[Black "Stefanidi, Maria-Anna"]
[Result "0-1"]
[Board "5"]
[WhiteElo "1572"]
[WhiteCountry "GRE"]
[WhiteFideId "4206215"]
[WhiteEloChange "-2"]
[BlackElo "2001"]
[BlackTitle "WFM"]
[BlackCountry "GRE"]
[BlackFideId "4207750"]
[BlackEloChange "2"]

1. d4 {[%clk 1:30:53]} Nf6 {[%clk 1:30:40]} 2. c4 {[%clk 1:31:10]} e6 {[%clk
1:30:53]} 3. Nc3 {[%clk 1:31:06]} Bb4 {[%clk 1:31:17]} 4. e3 {[%clk 1:31:14]} O-O
{[%clk 1:31:32]} 5. Ne2 {[%clk 1:31:16]} d5 {[%clk 1:31:54]} 6. a3 {[%clk
1:28:40]} Be7 {[%clk 1:32:07]} 7. c5 {[%clk 1:23:21]} Nc6 {[%clk 1:31:30]} 8. b4
{[%clk 1:19:05]} a6 {[%clk 1:30:52]} 9. f4 {[%clk 1:13:21]} Re8 {[%clk 1:28:38]}
10. Ng3 {[%clk 1:12:17]} Bf8 {[%clk 1:28:21]} 11. Be2 {[%clk 1:12:00]} Ne7 {[%clk
1:28:10]} 12. O-O {[%clk 1:12:04]} a5 {[%clk 1:28:19]} 13. Bd2 {[%clk 1:07:17]}
b6 {[%clk 1:15:33]} 14. Na4 {[%clk 0:51:59]} axb4 {[%clk 1:12:07]} 15. axb4
{[%clk 0:50:39]} Nf5 {[%clk 1:04:08]} 16. Nb2 {[%clk 0:48:48]} Rxa1 {[%clk
0:58:48]} 17. Qxa1 {[%clk 0:49:12]} Nxg3 {[%clk 0:59:05]} 18. hxg3 {[%clk
0:49:36]} Ne4 {[%clk 0:59:31]} 19. Qe1 {[%clk 0:47:17]} Qf6 {[%clk 0:59:43]} 20.
Nd3 {[%clk 0:45:01]} Bb7 {[%clk 0:56:08]} 21. Ne5 {[%clk 0:43:53]} Ra8 {[%clk
0:52:47]} 22. g4 {[%clk 0:26:07]} Ra2 {[%clk 0:51:17]} 23. g5 {[%clk 0:23:45]}
Qe7 {[%clk 0:50:33]} 24. Bc1 {[%clk 0:18:44]} f6 {[%clk 0:42:20]} 25. gxf6 {[%clk
0:15:54]} gxf6 {[%clk 0:42:42]} 26. Ng4 {[%clk 0:14:52]} h5 {[%clk 0:42:47]} 27.
Nh2 {[%clk 0:12:38]} Qg7 {[%clk 0:42:09]} 28. Bf3 {[%clk 0:09:04]} Ba6 {[%clk
0:40:49]} 29. Rf2 {[%clk 0:08:15]} Nxf2 {[%clk 0:40:49]} 0-1

[Event "Greek Team Championship"]
[Site "chess24.com"]
[Date "2017.07.03"]
[Round "1"]
[White "Salahidou, Reveka"]
[Black "Balaska, Eleni Sofia"]
[Result "1-0"]
[Board "6"]
[WhiteElo "1951"]
[WhiteCountry "GRE"]
[WhiteFideId "4230612"]
[WhiteEloChange "2"]
[BlackElo "1412"]
[BlackCountry "GRE"]
[BlackFideId "4255704"]
[BlackEloChange "-2"]

1. e4 {[%clk 1:30:56]} c5 {[%clk 1:30:53]} 2. Nf3 {[%clk 1:31:22]} d6 {[%clk
1:31:16]} 3. d4 {[%clk 1:31:33]} cxd4 {[%clk 1:31:37]} 4. Nxd4 {[%clk 1:32:00]}
Nf6 {[%clk 1:31:54]} 5. Nc3 {[%clk 1:32:25]} g6 {[%clk 1:32:15]} 6. Be3 {[%clk
1:32:51]} Bg7 {[%clk 1:32:33]} 7. f3 {[%clk 1:33:17]} O-O {[%clk 1:32:37]} 8. Qd2
{[%clk 1:33:43]} Nc6 {[%clk 1:32:50]} 9. O-O-O {[%clk 1:34:04]} Nxd4 {[%clk
1:32:25]} 10. Bxd4 {[%clk 1:34:28]} Be6 {[%clk 1:32:25]} 11. Kb1 {[%clk 1:34:47]}
Qc7 {[%clk 1:30:11]} 12. h4 {[%clk 1:34:35]} h5 {[%clk 1:20:47]} 13. g4 {[%clk
1:20:57]} hxg4 {[%clk 1:08:12]} 14. h5 {[%clk 1:21:01]} gxh5 {[%clk 0:43:44]} 15.
Qg5 {[%clk 1:20:14]} gxf3 {[%clk 0:39:51]} 16. Nd5 {[%clk 0:59:20]} Bxd5 {[%clk
0:36:18]} 17. Rg1 {[%clk 0:59:14]} 1-0

[Event "Greek Team Championship"]
[Site "chess24.com"]
[Date "2017.07.03"]
[Round "1"]
[White "Ntala, Konstantina"]
[Black "Kiousi, Panagiota"]
[Result "0-1"]
[Board "7"]
[WhiteElo "1069"]
[WhiteCountry "GRE"]
[WhiteFideId "25836234"]
[WhiteEloChange "-2"]
[BlackElo "1530"]
[BlackCountry "GRE"]
[BlackFideId "25803476"]
[BlackEloChange "2"]

1. e4 {[%clk 1:30:58]} c5 {[%clk 1:30:52]} 2. Nf3 {[%clk 1:31:24]} d6 {[%clk
1:31:06]} 3. d4 {[%clk 1:31:47]} cxd4 {[%clk 1:31:28]} 4. Nxd4 {[%clk 1:32:13]}
Nf6 {[%clk 1:31:42]} 5. Nc3 {[%clk 1:32:36]} a6 {[%clk 1:32:04]} 6. Be3 {[%clk
1:32:18]} Ng4 {[%clk 1:32:05]} 7. Qd3 {[%clk 1:26:06]} Nxe3 {[%clk 1:31:36]} 8.
Qxe3 {[%clk 1:26:29]} g6 {[%clk 1:29:49]} 9. Nb3 {[%clk 1:25:52]} Bg7 {[%clk
1:29:45]} 10. Be2 {[%clk 1:24:28]} O-O {[%clk 1:28:16]} 11. O-O {[%clk 1:24:32]}
Nc6 {[%clk 1:25:55]} 12. Kh1 {[%clk 1:18:06]} Bd7 {[%clk 1:24:25]} 13. a3 {[%clk
1:05:55]} Rc8 {[%clk 1:22:53]} 14. f4 {[%clk 0:44:21]} Na5 {[%clk 1:21:50]} 15.
Rad1 {[%clk 0:26:51]} Nxb3 {[%clk 1:13:25]} 16. cxb3 {[%clk 0:27:14]} Bxc3 {[%clk
1:09:56]} 17. bxc3 {[%clk 0:27:38]} Qa5 {[%clk 1:09:50]} 18. b4 {[%clk 0:10:48]}
Qxa3 {[%clk 1:09:34]} 19. Rc1 {[%clk 0:10:33]} Rc7 {[%clk 1:08:11]} 20. h3 {[%clk
0:04:05]} Rfc8 {[%clk 1:07:12]} 21. Rf3 {[%clk 0:04:28]} a5 {[%clk 1:03:55]} 22.
bxa5 {[%clk 0:04:26]} Qxa5 {[%clk 1:04:17]} 23. Qd4 {[%clk 0:04:01]} Qa3 {[%clk
1:02:29]} 24. Qd2 {[%clk 0:04:17]} Qc5 {[%clk 0:54:18]} 25. c4 {[%clk 0:03:19]}
b5 {[%clk 0:50:21]} 26. Rfc3 {[%clk 0:02:52]} Qb4 {[%clk 0:46:52]} 27. Qd4 {[%clk
0:03:13]} bxc4 {[%clk 0:43:56]} 28. Rxc4 {[%clk 0:03:01]} Rxc4 {[%clk 0:43:57]}
29. Rxc4 {[%clk 0:03:28]} Qe1+ {[%clk 0:43:09]} 30. Kh2 {[%clk 0:03:25]} Qxe2
{[%clk 0:43:22]} 31. Rxc8+ {[%clk 0:03:41]} Bxc8 {[%clk 0:43:49]} 32. Qb6 {[%clk
0:03:42]} Kg7 {[%clk 0:36:38]} 33. Qd8 {[%clk 0:03:54]} Be6 {[%clk 0:36:26]} 34.
Qxe7 {[%clk 0:04:07]} Qxe4 {[%clk 0:34:55]} 35. Qg5 {[%clk 0:03:49]} Bd5 {[%clk
0:34:01]} 36. Qg3 {[%clk 0:03:56]} Qxg2+ {[%clk 0:33:27]} 37. Qxg2 {[%clk
0:04:21]} Bxg2 {[%clk 0:33:50]} 38. Kxg2 {[%clk 0:04:47]} Kf6 {[%clk 0:34:07]}
39. Kf3 {[%clk 0:05:08]} Kf5 {[%clk 0:33:47]} 40. Ke3 {[%clk 0:35:05]} h5 {[%clk
1:03:01]} 41. Kf3 {[%clk 0:32:38]} d5 {[%clk 1:03:19]} 42. Ke3 {[%clk 0:33:03]}
d4+ {[%clk 1:03:14]} 43. Kxd4 {[%clk 0:33:28]} Kxf4 {[%clk 1:03:38]} 44. h4
{[%clk 0:32:53]} g5 {[%clk 1:02:52]} 45. hxg5 {[%clk 0:33:07]} h4 {[%clk
1:02:54]} 46. g6 {[%clk 0:32:23]} fxg6 {[%clk 1:03:17]} 47. Kd3 {[%clk 0:32:27]}
h3 {[%clk 1:03:35]} 48. Kd4 {[%clk 0:32:04]} h2 {[%clk 1:03:55]} 49. Kd5 {[%clk
0:32:31]} h1Q+ {[%clk 1:04:05]} 50. Ke6 {[%clk 0:32:55]} Qh5 {[%clk 1:04:00]} 0-1

[Event "Greek Team Championship"]
[Site "chess24.com"]
[Date "2017.07.03"]
[Round "1"]
[White "Korniotis, Filippos"]
[Black "Kalogridakis, Theodoros"]
[Result "0-1"]
[Board "8"]
[WhiteElo "2143"]
[WhiteCountry "GRE"]
[WhiteFideId "4236912"]
[WhiteEloChange "-12"]
[BlackElo "2069"]
[BlackCountry "GRE"]
[BlackFideId "4249674"]
[BlackEloChange "12"]

1. d4 {[%clk 1:30:58]} Nf6 {[%clk 1:30:49]} 2. Nf3 {[%clk 1:31:23]} e6 {[%clk
1:31:09]} 3. e3 {[%clk 1:31:49]} d5 {[%clk 1:31:25]} 4. Bd3 {[%clk 1:32:13]} c5
{[%clk 1:31:32]} 5. b3 {[%clk 1:32:37]} b6 {[%clk 1:31:45]} 6. O-O {[%clk
1:33:00]} Bb7 {[%clk 1:32:09]} 7. Bb2 {[%clk 1:33:23]} Be7 {[%clk 1:32:36]} 8.
Nbd2 {[%clk 1:33:21]} Nbd7 {[%clk 1:33:01]} 9. Ne5 {[%clk 1:30:47]} O-O {[%clk
1:08:57]} 10. Qf3 {[%clk 1:04:43]} h6 {[%clk 0:53:45]} 11. Qe2 {[%clk 0:55:19]}
Ne4 {[%clk 0:40:08]} 12. Ndf3 {[%clk 0:51:40]} Ndf6 {[%clk 0:29:43]} 13. Rfd1
{[%clk 0:50:07]} Rc8 {[%clk 0:29:55]} 14. c4 {[%clk 0:41:00]} cxd4 {[%clk
0:30:11]} 15. Nxd4 {[%clk 0:41:15]} Bb4 {[%clk 0:28:21]} 16. cxd5 {[%clk
0:30:48]} Bxd5 {[%clk 0:23:58]} 17. Ndc6 {[%clk 0:27:55]} Qd6 {[%clk 0:16:45]}
18. Nxb4 {[%clk 0:22:32]} Qxb4 {[%clk 0:17:09]} 19. Nc4 {[%clk 0:22:47]} Qe7
{[%clk 0:09:32]} 20. Ba3 {[%clk 0:19:33]} Nc5 {[%clk 0:09:59]} 21. e4 {[%clk
0:19:37]} Ba8 {[%clk 0:08:57]} 22. f3 {[%clk 0:15:56]} Rfd8 {[%clk 0:08:54]} 23.
Rac1 {[%clk 0:15:54]} e5 {[%clk 0:00:52]} 24. Ne3 {[%clk 0:14:48]} Nh5 {[%clk
0:00:37]} 25. Ba6 {[%clk 0:06:15]} Nf4 {[%clk 0:00:44]} 26. Qf1 {[%clk 0:06:45]}
Rxd1 {[%clk 0:01:05]} 27. Rxd1 {[%clk 0:07:10]} Bb7 {[%clk 0:00:47]} 28. Bxb7
{[%clk 0:06:34]} Qxb7 {[%clk 0:01:15]} 29. Nc4 {[%clk 0:04:54]} Qc7 {[%clk
0:01:21]} 30. Bb2 {[%clk 0:05:00]} f6 {[%clk 0:01:36]} 31. g3 {[%clk 0:05:10]}
Nfe6 {[%clk 0:01:52]} 32. Rd5 {[%clk 0:04:58]} a5 {[%clk 0:00:57]} 33. Nd6 {[%clk
0:03:40]} Rd8 {[%clk 0:01:11]} 34. Nb5 {[%clk 0:04:07]} Qc6 {[%clk 0:00:57]} 35.
Qc4 {[%clk 0:04:36]} Kh7 {[%clk 0:00:48]} 36. a3 {[%clk 0:05:01]} Qe8 {[%clk
0:00:45]} 37. Bc1 {[%clk 0:04:30]} Ng5 {[%clk 0:00:36]} 38. Kg2 {[%clk 0:03:04]}
Rxd5 {[%clk 0:00:42]} 39. exd5 {[%clk 0:03:23]} e4 {[%clk 0:00:50]} 40. Bxg5
{[%clk 0:32:48]} hxg5 {[%clk 0:30:36]} 41. fxe4 {[%clk 0:31:39]} Nxe4 {[%clk
0:26:30]} 42. d6 {[%clk 0:23:36]} Nc5 {[%clk 0:26:45]} 43. b4 {[%clk 0:23:11]}
axb4 {[%clk 0:27:02]} 44. axb4 {[%clk 0:23:35]} Nd7 {[%clk 0:27:23]} 45. Qd3+
{[%clk 0:18:55]} g6 {[%clk 0:24:02]} 46. Nd4 {[%clk 0:14:17]} Qa8+ {[%clk
0:20:43]} 47. Kf2 {[%clk 0:11:02]} Qd5 {[%clk 0:20:53]} 48. Ke3 {[%clk 0:10:21]}
Qxd6 {[%clk 0:20:34]} 49. Qb3 {[%clk 0:07:55]} Ne5 {[%clk 0:19:29]} 50. h3 {[%clk
0:08:22]} g4 {[%clk 0:17:13]} 51. h4 {[%clk 0:08:51]} Qc7 {[%clk 0:17:26]} 52.
Qc2 {[%clk 0:08:12]} Qe7 {[%clk 0:17:37]} 53. b5 {[%clk 0:07:26]} Kg7 {[%clk
0:13:32]} 54. Qc7 {[%clk 0:06:26]} Nd7+ {[%clk 0:12:11]} 55. Kd3 {[%clk 0:06:39]}
Nc5+ {[%clk 0:12:34]} 0-1

[Event "Greek Team Championship"]
[Site "chess24.com"]
[Date "2017.07.03"]
[Round "1"]
[White "Deligiannis, Christos Nikolaos"]
[Black "Paraskevas, Georgios"]
[Result "1-0"]
[Board "9"]
[WhiteElo "1650"]
[WhiteCountry "GRE"]
[WhiteFideId "25820249"]
[WhiteEloChange "12"]
[BlackElo "1710"]
[BlackCountry "GRE"]
[BlackFideId "4262131"]
[BlackEloChange "-12"]

1. e4 {[%clk 1:30:57]} e5 {[%clk 1:30:56]} 2. Nf3 {[%clk 1:31:22]} Nc6 {[%clk
1:31:25]} 3. Bc4 {[%clk 1:31:46]} Nf6 {[%clk 1:31:50]} 4. Ng5 {[%clk 1:32:04]} d5
{[%clk 1:32:16]} 5. exd5 {[%clk 1:32:30]} Na5 {[%clk 1:32:45]} 6. Bb5+ {[%clk
1:32:48]} c6 {[%clk 1:33:08]} 7. dxc6 {[%clk 1:33:14]} bxc6 {[%clk 1:33:36]} 8.
Be2 {[%clk 1:33:36]} h6 {[%clk 1:33:46]} 9. Nf3 {[%clk 1:34:01]} e4 {[%clk
1:34:15]} 10. Ne5 {[%clk 1:34:20]} Bd6 {[%clk 1:34:15]} 11. d4 {[%clk 1:23:24]}
exd3 {[%clk 1:35:03]} 12. Nxd3 {[%clk 1:23:43]} O-O {[%clk 1:35:31]} 13. O-O
{[%clk 1:21:54]} Qc7 {[%clk 1:35:49]} 14. h3 {[%clk 1:21:28]} c5 {[%clk 1:35:55]}
15. Nc3 {[%clk 1:06:11]} a6 {[%clk 1:32:48]} 16. Be3 {[%clk 0:55:12]} c4 {[%clk
1:22:39]} 17. Ne1 {[%clk 0:54:07]} Rb8 {[%clk 0:49:26]} 18. Rb1 {[%clk 0:51:23]}
Rd8 {[%clk 0:45:10]} 19. Qc1 {[%clk 0:49:21]} Bf5 {[%clk 0:31:06]} 20. Nf3 {[%clk
0:46:43]} Ne4 {[%clk 0:26:08]} 21. Nxe4 {[%clk 0:37:37]} Bxe4 {[%clk 0:26:36]}
22. Rd1 {[%clk 0:37:42]} f5 {[%clk 0:10:43]} 23. Rxd6 {[%clk 0:33:27]} Qxd6
{[%clk 0:06:06]} 24. Bf4 {[%clk 0:33:49]} Qb6 {[%clk 0:03:41]} 25. Bxb8 {[%clk
0:34:08]} Rxb8 {[%clk 0:04:10]} 26. Nd2 {[%clk 0:32:05]} Bd5 {[%clk 0:03:05]} 27.
Bf3 {[%clk 0:27:47]} Bf7 {[%clk 0:03:16]} 28. Nf1 {[%clk 0:19:12]} c3 {[%clk
0:01:09]} 29. b3 {[%clk 0:19:12]} Nc4 {[%clk 0:01:21]} 30. Ra1 {[%clk 0:13:01]}
Ne5 {[%clk 0:01:34]} 31. Qf4 {[%clk 0:12:49]} Qf6 {[%clk 0:01:14]} 32. Ne3 {[%clk
0:09:11]} Nxf3+ {[%clk 0:00:40]} 33. Qxf3 {[%clk 0:08:48]} Rb5 {[%clk 0:00:37]}
34. Rd1 {[%clk 0:07:50]} f4 {[%clk 0:00:44]} 35. Nd5 {[%clk 0:07:05]} Bxd5 {[%clk
0:00:37]} 36. Rxd5 {[%clk 0:07:31]} Rxd5 {[%clk 0:01:04]} 37. Qxd5+ {[%clk
0:07:51]} Kf8 {[%clk 0:01:04]} 38. Qd3 {[%clk 0:07:51]} g5 {[%clk 0:01:04]} 39.
Kf1 {[%clk 0:07:51]} Qc6 {[%clk 0:01:04]} 40. Qd8+ {[%clk 0:07:51]} Kf7 {[%clk
0:01:04]} 41. Qd4 {[%clk 0:07:51]} Ke6 {[%clk 0:01:04]} 42. f3 {[%clk 0:07:51]}
Qb5+ {[%clk 0:01:04]} 43. Kf2 {[%clk 0:07:51]} Qc6 {[%clk 0:01:04]} 44. Ke2
{[%clk 0:07:51]} Kf5 {[%clk 0:01:04]} 45. Kd3 {[%clk 0:07:51]} Qb5+ {[%clk
0:01:04]} 46. Qc4 {[%clk 0:07:51]} Qb7 {[%clk 0:01:04]} 47. Kxc3 {[%clk 0:07:51]}
h5 {[%clk 0:01:04]} 48. Kd3 {[%clk 0:07:51]} g4 {[%clk 0:01:04]} 49. hxg4+ {[%clk
0:07:51]} 1-0

[Event "Greek Team Championship"]
[Site "chess24.com"]
[Date "2017.07.03"]
[Round "1"]
[White "Tzavaras, Spyridon"]
[Black "Thanatis, Thomas"]
[Result "1-0"]
[Board "10"]
[WhiteElo "1321"]
[WhiteCountry "GRE"]
[WhiteFideId "25800140"]
[WhiteEloChange "4"]
[BlackElo "1101"]
[BlackCountry "GRE"]
[BlackFideId "25839772"]
[BlackEloChange "-4"]

1. e4 {[%clk 1:30:58]} e6 {[%clk 1:30:55]} 2. d4 {[%clk 1:31:23]} d5 {[%clk
1:31:14]} 3. Nd2 {[%clk 1:31:43]} c5 {[%clk 1:31:20]} 4. exd5 {[%clk 1:31:10]}
exd5 {[%clk 1:30:03]} 5. Bb5+ {[%clk 1:21:23]} Bd7 {[%clk 1:21:37]} 6. Bxd7+
{[%clk 1:21:12]} Nxd7 {[%clk 1:20:32]} 7. Ne2 {[%clk 1:20:23]} Qb6 {[%clk
1:14:17]} 8. O-O {[%clk 1:16:59]} cxd4 {[%clk 1:13:52]} 9. Nf3 {[%clk 1:17:06]}
Bc5 {[%clk 1:12:31]} 10. Nexd4 {[%clk 1:17:14]} Ne7 {[%clk 1:02:48]} 11. b3
{[%clk 1:02:55]} O-O {[%clk 1:02:25]} 12. Bb2 {[%clk 0:59:46]} Rac8 {[%clk
0:59:45]} 13. Qd3 {[%clk 0:51:22]} Nf6 {[%clk 0:47:44]} 14. Rad1 {[%clk 0:43:48]}
Rfd8 {[%clk 0:38:53]} 15. a3 {[%clk 0:28:42]} Ng6 {[%clk 0:23:00]} 16. b4 {[%clk
0:25:46]} Bxd4 {[%clk 0:20:20]} 17. Nxd4 {[%clk 0:24:24]} Ne5 {[%clk 0:14:39]}
18. Qg3 {[%clk 0:21:44]} Nc4 {[%clk 0:12:51]} 19. Nf5 {[%clk 0:19:33]} g6 {[%clk
0:05:56]} 20. Ne7+ {[%clk 0:19:22]} Kf8 {[%clk 0:05:16]} 21. Nxc8 {[%clk
0:19:43]} Rxc8 {[%clk 0:03:48]} 22. Bxf6 {[%clk 0:19:00]} Qxf6 {[%clk 0:03:01]}
23. Rxd5 {[%clk 0:18:57]} Nxa3 {[%clk 0:01:06]} 24. Ra5 {[%clk 0:18:06]} Rc3
{[%clk 0:00:33]} 25. Qb8+ {[%clk 0:17:39]} Kg7 {[%clk 0:00:46]} 26. Qxb7 {[%clk
0:16:45]} Nxc2 {[%clk 0:00:36]} 27. Rxa7 {[%clk 0:16:20]} h6 {[%clk 0:00:43]} 28.
h3 {[%clk 0:15:53]} Rb3 {[%clk 0:00:42]} 29. b5 {[%clk 0:15:43]} Nd4 {[%clk
0:00:37]} 30. Ra6 {[%clk 0:13:27]} Rxb5 {[%clk 0:00:37]} 31. Qxb5 {[%clk
0:12:08]} Nxb5 {[%clk 0:00:50]} 32. Rxf6 {[%clk 0:12:35]} Kxf6 {[%clk 0:01:10]}
33. Rd1 {[%clk 0:12:15]} Kg7 {[%clk 0:01:19]} 34. Kf1 {[%clk 0:11:53]} Nc7 {[%clk
0:01:32]} 35. Ke2 {[%clk 0:12:00]} Ne6 {[%clk 0:01:48]} 36. Kf3 {[%clk 0:11:34]}
Ng5+ {[%clk 0:02:06]} 37. Kg4 {[%clk 0:11:01]} f5+ {[%clk 0:02:13]} 38. Kf4
{[%clk 0:09:36]} Ne6+ {[%clk 0:02:29]} 39. Ke5 {[%clk 0:09:52]} Kf7 {[%clk
0:02:44]} 40. Rd7+ {[%clk 0:40:17]} Ke8 {[%clk 0:32:31]} 41. Kxe6 {[%clk
0:40:40]} 1-0

[Event "Greek Team Championship"]
[Site "chess24.com"]
[Date "2017.07.03"]
[Round "1"]
[White "Kelires, Andreas"]
[Black "Nikolaidis, Konstantinos"]
[Result "1-0"]
[Board "1"]
[WhiteElo "2509"]
[WhiteTitle "GM"]
[WhiteCountry "GRE"]
[WhiteFideId "5900727"]
[WhiteEloChange "2"]
[BlackElo "2229"]
[BlackTitle "FM"]
[BlackCountry "GRE"]
[BlackFideId "4200578"]
[BlackEloChange "-3"]

1. d4 {[%clk 1:30:58]} Nf6 {[%clk 1:30:44]} 2. Nf3 {[%clk 1:31:24]} e6 {[%clk
1:29:57]} 3. g3 {[%clk 1:30:29]} c5 {[%clk 1:29:04]} 4. Bg2 {[%clk 1:30:40]} cxd4
{[%clk 1:28:39]} 5. Nxd4 {[%clk 1:31:00]} d5 {[%clk 1:28:02]} 6. O-O {[%clk
1:30:29]} Be7 {[%clk 1:24:28]} 7. c4 {[%clk 1:29:23]} O-O {[%clk 1:19:31]} 8. Bf4
{[%clk 1:22:51]} Na6 {[%clk 1:07:22]} 9. Nc3 {[%clk 0:56:00]} dxc4 {[%clk
0:55:27]} 10. Ndb5 {[%clk 0:45:18]} Qb6 {[%clk 0:49:48]} 11. Be3 {[%clk 0:37:20]}
Bc5 {[%clk 0:39:51]} 12. Bxc5 {[%clk 0:37:07]} Nxc5 {[%clk 0:39:47]} 13. Qd4
{[%clk 0:31:17]} Bd7 {[%clk 0:33:46]} 14. Nd6 {[%clk 0:28:34]} Rad8 {[%clk
0:21:59]} 15. Nxc4 {[%clk 0:25:53]} Bc6 {[%clk 0:19:24]} 16. Qe3 {[%clk 0:24:24]}
Qb4 {[%clk 0:17:00]} 17. Bxc6 {[%clk 0:24:47]} Qxc4 {[%clk 0:15:21]} 18. Bf3
{[%clk 0:25:08]} b6 {[%clk 0:15:01]} 19. h3 {[%clk 0:21:41]} Nd5 {[%clk 0:11:29]}
20. Nxd5 {[%clk 0:20:42]} exd5 {[%clk 0:11:57]} 21. Qa3 {[%clk 0:20:03]} a5
{[%clk 0:10:41]} 22. Rfc1 {[%clk 0:18:07]} Qb5 {[%clk 0:09:51]} 23. Rab1 {[%clk
0:15:52]} Ne6 {[%clk 0:07:23]} 24. b4 {[%clk 0:10:13]} a4 {[%clk 0:07:05]} 25.
Qe3 {[%clk 0:06:42]} d4 {[%clk 0:03:42]} 26. Qd3 {[%clk 0:06:56]} Qg5 {[%clk
0:02:30]} 27. h4 {[%clk 0:07:12]} Qe5 {[%clk 0:02:02]} 28. Rc6 {[%clk 0:06:53]}
Rd6 {[%clk 0:01:54]} 29. Rbc1 {[%clk 0:06:53]} Rfd8 {[%clk 0:01:11]} 30. Rxd6
{[%clk 0:06:39]} Qxd6 {[%clk 0:00:49]} 31. a3 {[%clk 0:07:06]} g5 {[%clk
0:00:35]} 32. h5 {[%clk 0:05:53]} Qe5 {[%clk 0:00:32]} 33. Be4 {[%clk 0:03:38]}
h6 {[%clk 0:00:38]} 34. Rc6 {[%clk 0:03:05]} g4 {[%clk 0:00:45]} 35. Bf5 {[%clk
0:02:16]} Ng7 {[%clk 0:00:36]} 36. Bxg4 {[%clk 0:02:27]} Qg5 {[%clk 0:00:40]} 37.
Bf3 {[%clk 0:01:46]} Nxh5 {[%clk 0:00:35]} 38. Kh2 {[%clk 0:01:15]} Nf6 {[%clk
0:00:40]} 39. Rxb6 {[%clk 0:01:37]} Qc1 {[%clk 0:00:35]} 40. Rxf6 {[%clk
0:31:55]} 1-0